000 00601nam a2200229Ia 4500
003 OSt
005 20221007063912.0
006 a|||||r|||| 00| 0
007 ta
008 221006b |||||||| |||| 00| 0 eng d
024 _a20,629
037 _cTextual
040 _aFLL
_cFLL
_beng
041 _2eng
_aeng
082 _aZ2y5, B7
100 _aCurrie Fendall
_9684925
245 0 _aIndian law examination manual
260 _aCalcutta
_bThacker, Spink and Co. India
_c1887
300 _a308p
_ccm.
942 _hZ2y5, B7
_cTEXL
_2CC
999 _c1132513
_d1132513